| 000 | 00564nam a2200145Ia 4500 | ||
|---|---|---|---|
| 008 | 140724s9999 xx 000 0 und d | ||
| 050 |
_aRM 666 _b.Al475 2009 |
||
| 100 | _aAlviar, Carmela Mary D. | ||
| 245 | 4 |
_aThe usefulness of student-generated medication tray compared to traditional tray in administration of medicines by student-nurses _cCarmela Mary D. Alviar. |
|
| 260 |
_aLas PiƱas, Philippines : _bSouthville International School and Colleges, _cc2009. |
||
| 300 |
_a68 p. : _bcol. Ill. ; _c28 cm. |
||
| 521 | _aNursing | ||
| 942 | _cTH | ||
| 999 |
_c228970 _d228970 |
||